Textbook of quantum mechanics. (Record no. 162104)
[ view plain ]
| 000 -LEADER | |
|---|---|
| fixed length control field | 00590nam a2200229Ia 4500 |
| 003 - CONTROL NUMBER IDENTIFIER | |
| control field | OSt |
| 005 - DATE AND TIME OF LATEST TRANSACTION | |
| control field | 20230616162321.0 |
| 008 - FIXED-LENGTH DATA ELEMENTS--GENERAL INFORMATION | |
| fixed length control field | 210423s2012 xx 000 0 und d |
| 020 ## - INTERNATIONAL STANDARD BOOK NUMBER | |
| International Standard Book Number | 9780070146174 |
| 040 ## - CATALOGING SOURCE | |
| Transcribing agency | AL |
| 041 ## - LANGUAGE CODE | |
| Language code of text/sound track or separate title | eng |
| 082 ## - DEWEY DECIMAL CLASSIFICATION NUMBER | |
| Classification number | 530.12 MATP |
| Edition number | 23 |
| 100 ## - MAIN ENTRY--PERSONAL NAME | |
| Personal name | MATHEWS (P M);VENKATESAN (K). |
| 9 (RLIN) | 97950 |
| 245 ## - TITLE STATEMENT | |
| Title | Textbook of quantum mechanics. |
| 250 ## - EDITION STATEMENT | |
| Edition statement | 2 |
| 260 ## - PUBLICATION, DISTRIBUTION, ETC. | |
| Place of publication, distribution, etc. | New Delhi |
| Name of publisher, distributor, etc. | Tata McGraw-hill |
| Date of publication, distribution, etc. | 2012 |
| 300 ## - PHYSICAL DESCRIPTION | |
| Extent | xvi,467 |
| Other physical details | PB |
| 365 ## - TRADE PRICE | |
| Price amount | 360 |
| Currency code | INR |
| 650 ## - SUBJECT ADDED ENTRY--TOPICAL TERM | |
| Topical term or geographic name entry element | Quantum Mechanics |
| 9 (RLIN) | 97951 |
| 906 ## - LOCAL DATA ELEMENT F, LDF (RLIN) | |
| a | mechanics. ; quantum ; Textbook |
| 942 ## - ADDED ENTRY ELEMENTS (KOHA) | |
| Source of classification or shelving scheme | Dewey Decimal Classification |
| Koha item type | Book |
| Withdrawn status | Lost status | Damaged status | Not for loan | Collection code | Home library | Current library | Date acquired | Source of acquisition | Cost, normal purchase price | Total Checkouts | Total Renewals | Full call number | Barcode | Date last seen | Date last checked out | Price effective from | Koha item type |
|---|---|---|---|---|---|---|---|---|---|---|---|---|---|---|---|---|---|
| Physics | St Aloysius PG Library | St Aloysius PG Library | 12/07/2012 | Athulya Books | 360.00 | 7 | 1 | 530.12 MATP | PG008597 | 05/21/2024 | 05/02/2024 | 04/26/2021 | Book | ||||
| Physics | St Aloysius PG Library | St Aloysius PG Library | 12/31/2012 | Higginbothams Pvt Ltd | 360.00 | 14 | 3 | 530.12 MATP | PG008646 | 05/16/2024 | 05/03/2024 | 04/26/2021 | Book | ||||
| Physics | St Aloysius PG Library | St Aloysius PG Library | 12/31/2012 | Higginbothams Pvt Ltd | 360.00 | 7 | 1 | 530.12 MATP | PG008647 | 02/15/2024 | 02/06/2024 | 04/26/2021 | Book |